X-5 ŞU ACAYİP KEDİLER (Record no. 587434)

MARC details
000 -LEADER
sabit uzunluktaki kontrol alanı 00278nam a2200109Ia 4500
001 - KONTROL NUMARASI
kontrol alanı 587434
005 - EN SON İŞLEMİN TARİH VE ZAMANI
kontrol alanı 20250717113816.0
008 - SABİT-UZUNLUKTA VERİ ÖĞELERİ--GENEL BİLGİ
sabit uzunluktaki kontrol alanı 250717s9999 xx 000 0 und d
245 #0 - ESER / YAZAR
ESER ADI X-5 ŞU ACAYİP KEDİLER
Yazar Adı TARIK USLU
260 ## - YAYIN, DAĞITIM, VB.
YAYIN EVİ UĞUR BÖCEĞİ YAYINLARI
Yayın, dağıtım tarihi, vb. 2017
300 ## - FİZİKSEL AÇIKLAMA
Diğer fiziksel ayrıntılar 18

No items available.